00250nam a2200097Ia 4500008004100000100002500041245004100066260002700107300000800134650001000142190216s9999||||xx |||||||||||||| ||und|| aFyodor Dosthoyavaski 0aHindi- Daridru Narayan Rajath Rathem bRajana Prakashanc2010 a200 aHindi